000 00413nam a2200157Ia 4500
003 LK-CoDNM
008 010623t2007 xxu||||| |||| 00| 1 eng d
040 _aLK-CoDNM
_dLK-CoDNM
_eLK-CoDNM
041 _aeng
080 _a32
_bVAI
100 _aVaitheespara,Ravi
245 _aTheorizing The National Crisis
260 _bSocial Scientists'Association
_aColombo 5
_c2007
300 _b77p.;22 cm cm
942 _cBK
999 _c126450
_d126450